000 00385pab a2200145 454500
008 180718b1999 xxu||||| |||| 00| 0 eng d
100 _aJames, Alan
245 _aThe practice of sovereign statehood in contemporary international society
260 _c1999
300 _ap.457-73
362 _aSpecial Issue
650 _aSovereignty
773 _aPolitical Studies
909 _a42527
999 _c42527
_d42527